[Event "Bruxelles"]
[Site "?"]
[Date "1986.??.??"]
[Round "?"]
[White "Kasparov, Garry"]
[Black "Portisch, L."]
[Result "1-0"]
[WhiteElo "2740"]
[BlackElo "2605"]
[PlyCount "127"]
[EventDate "1986.??.??"]
[Source "ChessBase"]
[SourceDate "1986.07.01"]

1. d4 Nf6 2. c4 e6 3. Nf3 d5 4. Nc3 Be7 5. Bg5 O-O 6. e3 Nbd7 7. Qc2 h6 8. cxd5 exd5 9. Bf4 c5 10. Be2 b6 11. O-O Bb7 12. Rfd1 Rc8 13. dxc5 bxc5 14. a4 Qa5 15. Nh4 Rfd8 16. Nf5 Bf8 17. Nb5 Ne8 18. Bd6 Nxd6 19. Nfxd6 Rb8 20. Nxb7 Rxb7 21. Rxd5 Rdb8 22. Qd2 Qxd2 23. Rxd2 Nf6 24. Ra2 Ne4 25. Rc2 Rd7 26. g3 a5 27. Kg2 g6 28. Bf3 Nf6 29. Na3 Bd6 30. Bc6 Rdd8 31. Ra1 Be5 32. Bb5 Nd5 33. Rb1 Bd6 34. Rd2 Nb6 35. Rc1 Be7 36. Re2 Rbc8 37. Nb1 Kg7 38. Nd2 Ra8 39. Nb3 Rdc8 40. Rec2 c4 41. Nd2 Ra7 42. Nxc4 Nxc4 43. Rxc4 Rxc4 44. Rxc4 f5 45. h3 h5 46. g4 hxg4 47. hxg4 fxg4 48. Kg3 Bd6+ 49. Kxg4 Rc7 50. Bc6 Rf7 51. f4 Kh6 52. Bd5 Rf6 53. Rc1 Kg7 54. b3 Rf8 55. Rd1 Bc5 56. Rd3 Ba3 57. Bc4 Bc1 58. Rd7+ Kh6 59. Re7 Bd2 60. Kf3 Bb4 61. Rb7 Bc3 62. Bd3 Rf6 63. Kg4 Bd2 64. f5 1-0

[Event "USA-China Summit 2nd"]
[Site "Shanghai"]
[Date "2002.07.15"]
[Round "4"]
[White "Kaidanov, Gregory S"]
[Black "Bu Xiangzhi"]
[Result "1/2-1/2"]
[WhiteElo "2638"]
[BlackElo "2602"]
[PlyCount "69"]
[EventDate "2002.07.11"]
[Source "ChessBase"]
[SourceDate "2002.11.12"]

1. d4 d5 2. c4 c6 3. Nf3 Nf6 4. Nc3 e6 5. Bg5 Be7 6. e3 Nbd7 7. Qc2 O-O 8. O-O-O a6 9. Kb1 h6 10. Bf4 dxc4 11. Bxc4 b5 12. Be2 Bb7 13. Ne5 Rc8 14. Bf3 Qb6 15. Nxd7 Nxd7 16. g4 b4 17. Na4 Qb5 18. Nc5 Nxc5 19. dxc5 Qxc5 20. Rd7 Ba8 21. Qe2 e5 22. Rc1 Qb5 23. Rxe7 exf4 24. exf4 b3 25. a3 c5 26. Bxa8 Rxa8 27. Qxb5 axb5 28. Rxc5 b4 29. a4 Rfd8 30. Re3 Rd1+ 31. Rc1 Rd4 32. Rxb3 Rxf4 33. f3 Rxa4 34. Rd3 Ra6 35. Re1 1/2-1/2

[Event "Mind Sports Games - Rapid Ind"]
[Site "Pechino CINA"]
[Date "2008.10.05"]
[Round "2"]
[White "Shabalov, A."]
[Black "Gurevich, M1."]
[Result "1/2-1/2"]
[WhiteElo "2585"]
[BlackElo "2634"]
[PlyCount "65"]
[EventDate "2008.10.05"]
[Source "www.chesslib.no"]
[SourceDate "2004.05.04"]

1. d4 d5 2. c4 c6 3. Nc3 Nf6 4. Nf3 e6 5. Bg5 Be7 6. e3 Nbd7 7. Qc2 O-O 8. a3 b6 9. cxd5 cxd5 10. Bd3 Bb7 11. O-O Rc8 12. Qa4 a6 13. Qb3 b5 14. Rfc1 Nb6 15. Bxf6 gxf6 16. Qc2 f5 17. Qe2 Bd6 18. Rc2 Qe7 19. a4 Nxa4 20. Nxa4 bxa4 21. Rxa4 Rxc2 22. Bxc2 Rc8 23. g3 Rc6 24. Bd3 Qc7 25. Kg2 a5 26. Ra1 Kg7 27. h4 h6 28. h5 Rc1 29. Rxc1 Qxc1 30. Nh4 Be7 31. Nf3 Bd6 32. Nh4 Be7 33. Nf3 1/2-1/2

[Event "60th ch-RUS Higher League"]
[Site "Krasnoyarsk RUS"]
[Date "2007.09.13"]
[Round "10"]
[White "Zakhartsov, V."]
[Black "Zvjaginsev, V."]
[Result "1/2-1/2"]
[WhiteElo "2559"]
[BlackElo "2658"]
[PlyCount "85"]
[EventDate "2007.09.03"]
[Source "www.chesslib.no"]
[SourceDate "2004.05.04"]

1. d4 d5 2. c4 e6 3. Nf3 Nf6 4. Nc3 Be7 5. Bg5 O-O 6. e3 Nbd7 7. Qc2 h6 8. Bh4 c5 9. Rd1 Qa5 10. cxd5 Nxd5 11. Bxe7 Nxe7 12. dxc5 Qxc5 13. Qa4 Nb6 14. Qb5 Qxb5 15. Bxb5 a6 16. Rd6 Nbd5 17. Nxd5 Nxd5 18. Bc4 Nf6 19. Ke2 b5 20. Bb3 Bb7 21. Rc1 Rfc8 22. Rxc8+ Rxc8 23. Rd2 Kf8 24. Rc2 Rxc2+ 25. Bxc2 Ke7 26. g3 Kd6 27. Nd4 g6 28. b4 e5 29. Nb3 Be4 30. Bd1 Bd5 31. f3 e4 32. f4 Ng4 33. h4 Bc4+ 34. Kd2 Nf2 35. g4 Nxd1 36. Kxd1 Be6 37. g5 Bxb3+ 38. axb3 h5 39. Ke2 Ke6 40. Kf2 Kf5 41. Kg3 Ke6 42. Kf2 Kf5 43. Kg3 1/2-1/2

[Event "Campionato USA"]
[Site "Stillwater USA"]
[Date "2007.05.19"]
[Round "5"]
[White "Shabalov, A."]
[Black "Kaidanov, G."]
[Result "1-0"]
[WhiteElo "2606"]
[BlackElo "2595"]
[PlyCount "99"]
[EventDate "2007.05.15"]
[Source "www.chesslib.no"]
[SourceDate "2004.05.04"]

1. d4 d5 2. c4 e6 3. Nc3 Be7 4. Nf3 Nf6 5. Bg5 O-O 6. e3 Nbd7 7. Qc2 c5 8. dxc5 Nxc5 9. Be2 dxc4 10. Bxc4 a6 11. a4 b6 12. O-O Bb7 13. Rfd1 Qc7 14. Bf4 Qc6 15. Bf1 Nce4 16. Ne5 Qc8 17. Nc4 Qc5 18. Be5 Nxc3 19. Qxc3 Ne4 20. Qd4 f6 21. Qxc5 Bxc5 22. Bd4 b5 23. Nb6 Rad8 24. axb5 axb5 25. Bxc5 Nxc5 26. Bxb5 Nb3 27. Rxd8 Rxd8 28. Re1 Kf7 29. f3 Ke7 30. Na4 Rd2 31. Re2 Rxe2 32. Bxe2 Kd6 33. Kf2 Bc6 34. Nc3 Kc5 35. Ke1 h6 36. Kd1 Bb7 37. Na2 Bd5 38. Nc3 Bb7 39. Bd3 f5 40. Ne2 g5 41. Kc2 Kb4 42. Nc3 Nc5 43. Na2+ Ka4 44. Bc4 g4 45. fxg4 fxg4 46. g3 e5 47. Bd5 Ba6 48. Bc6+ Ka5 49. b4+ Kb6 50. bxc5+ 1-0

[Event "Russia (ch)"]
[Site "?"]
[Date "2000.??.??"]
[Round "?"]
[White "Ivanov, Se"]
[Black "Tregubov, P."]
[Result "1/2-1/2"]
[WhiteElo "2620"]
[BlackElo "2570"]
[PlyCount "59"]
[EventDate "2000.??.??"]
[Source "Chess Informant"]
[SourceDate "2000.06.01"]

1. d4 d5 2. c4 e6 3. Nc3 Be7 4. Nf3 Nf6 5. Bg5 O-O 6. Qc2 Nbd7 7. e3 c5 8. Rd1 Qa5 9. cxd5 Nxd5 10. Bxe7 Nxe7 11. Bd3 Nf6 12. O-O cxd4 13. Nxd4 h6 14. Ne4 Ned5 15. a3 Nxe4 16. Bxe4 Nf6 17. Bf3 Rb8 18. Rc1 Bd7 19. Qc7 Qxc7 20. Rxc7 Rfc8 21. Rfc1 Rxc7 22. Rxc7 e5 23. Nb3 Rc8 24. Rxc8+ Bxc8 25. Nd2 Ne8 26. Nc4 f6 27. Bh5 Bd7 28. f4 exf4 29. exf4 Kf8 30. Kf2 1/2-1/2

[Event "Ch Spain (team) (Honor Gr.2)"]
[Site "Lugo (Spain)"]
[Date "2007.06.29"]
[Round "3"]
[White "Ubilava Elizbar (GEO)"]
[Black "Gurevich Mikhail (BEL)"]
[Result "0-1"]
[WhiteElo "2540"]
[BlackElo "2635"]
[PlyCount "140"]
[EventDate "2007.??.??"]
[Source "www.chesslib.no"]
[SourceDate "2004.05.04"]

1. d4 d5 2. c4 c6 3. Nf3 Nf6 4. Nc3 e6 5. Bg5 Be7 6. e3 Nbd7 7. Qc2 O-O 8. Rd1 b6 9. Bd3 Bb7 10. O-O h6 11. Bh4 Rc8 12. cxd5 cxd5 13. Qb3 Ne4 14. Bxe7 Qxe7 15. Rc1 Ndf6 16. Rc2 Nxc3 17. bxc3 Rc7 18. a4 Rb8 19. Ra1 Ne8 20. a5 Bc6 21. Ne5 Nd6 22. c4 dxc4 23. Bxc4 Be4 24. Bd3 Rxc2 25. Bxc2 Bxc2 26. Qxc2 Rc8 27. Qb2 b5 28. Nd3 Qc7 29. Nc5 Qc6 30. a6 Qd5 31. h3 e5 32. Rb1 exd4 33. exd4 Nf5 34. Nb3 Nh4 35. f3 Rc6 36. Qf2 Nf5 37. g4 Nd6 38. Nc5 Rc8 39. Re1 b4 40. Rb1 Rb8 41. Rb3 Nc4 42. Rd3 Na5 43. Qh2 Re8 44. Qd2 Nc6 45. Kg2 h5 46. Nb3 h4 47. Re3 Rf8 48. Qe1 g5 49. Rd3 Nd8 50. Nc5 Nc6 51. Ne4 Kg7 52. Qe3 Rb8 53. Nc5 Rd8 54. Nb3 Kf8 55. Qc1 Ne5 56. Re3 Ng6 57. Qc5+ Kg7 58. Qxd5 Nf4+ 59. Kf1 Nxd5 60. Re5 Kg6 61. Nc5 Nf4 62. Re7 Rxd4 63. Rxa7 Rd1+ 64. Kf2 Ra1 65. Rb7 Nxh3+ 66. Ke3 Nf4 67. a7 h3 68. Na6 Nd5+ 69. Kd4 Rxa6 70. Kxd5 Ra5+ 0-1

[Event "Sao Paulo zt"]
[Site "Sao Paulo"]
[Date "1993.??.??"]
[Round "4"]
[White "Granda Zuniga, Julio E"]
[Black "Milos, Gilberto"]
[Result "1-0"]
[WhiteElo "2590"]
[BlackElo "2560"]
[PlyCount "89"]
[EventDate "1993.??.??"]
[Source "ChessBase"]

1. d4 Nf6 2. Nf3 d5 3. c4 e6 4. Nc3 Be7 5. Bg5 O-O 6. e3 Nbd7 7. Qc2 c5 8. dxc5 Qa5 9. cxd5 Nxd5 10. Bxe7 Nxe7 11. Ng5 Nf6 12. Bd3 h6 13. Nge4 Nxe4 14. Bxe4 Qxc5 15. O-O Rb8 16. Rfd1 b6 17. Rac1 a6 18. Qd3 Qe5 19. f4 Qf6 20. Qc4 e5 21. Qc7 Be6 22. fxe5 Qg5 23. Kh1 Rfe8 24. Bb7 Ng6 25. Bxa6 Nxe5 26. Ne4 Qh5 27. Nc3 Ra8 28. Bb5 Rec8 29. Be2 Qxh2+ 30. Kxh2 Rxc7 31. Rd4 Kf8 32. a3 Rac8 33. Kg3 Rc5 34. Rcd1 Bc4 35. Bf3 Bb3 36. Rd8+ Ke7 37. Rxc8 Rxc8 38. Rd4 Bc4 39. a4 Ke6 40. Bd5+ Bxd5 41. Nxd5 Rc2 42. Nf4+ Ke7 43. Rb4 Nc4 44. b3 Nxe3 45. Re4+ 1-0

[Event "RUS-Cup9"]
[Site "Novgorod"]
[Date "1997.06.12"]
[Round "2"]
[White "Sokolov, Andrei"]
[Black "Landa, Konstantin"]
[Result "1/2-1/2"]
[WhiteElo "2580"]
[BlackElo "2570"]
[PlyCount "25"]
[EventDate "1997.06.11"]
[Source "ChessBase"]
[SourceDate "1997.10.13"]

1. d4 d5 2. Nf3 e6 3. c4 Nf6 4. Nc3 Nbd7 5. Bg5 Be7 6. e3 O-O 7. Qc2 c6 8. Rd1 b6 9. Bd3 dxc4 10. Bxc4 Nd5 11. Bxe7 Qxe7 12. O-O Bb7 13. Nxd5 1/2-1/2

[Event "Open"]
[Site "?"]
[Date "1997.??.??"]
[Round "?"]
[White "Atalik Suat"]
[Black "Graf Alexander"]
[Result "1/2-1/2"]
[WhiteElo "2555"]
[BlackElo "2585"]
[PlyCount "41"]
[EventDate "1997.??.??"]
[Source "www.chesslib.no"]
[SourceDate "2004.05.04"]

1. d4 d5 2. c4 e6 3. Nf3 Nf6 4. Nc3 Be7 5. Bg5 O-O 6. e3 Nbd7 7. Qc2 c6 8. Rd1 b6 9. Bd3 h6 10. Bh4 Bb7 11. O-O Rc8 12. cxd5 cxd5 13. Qb1 Ne8 14. Bxe7 Qxe7 15. Rc1 Nd6 16. Nb5 Nxb5 17. Bxb5 Nf6 18. Rxc8 Rxc8 19. Rc1 Qd8 20. Nd2 Rc7 21. Bd3 1/2-1/2

[Event "Corr"]
[Site "?"]
[Date "1996.??.??"]
[Round "?"]
[White "Merilo Jaan"]
[Black "Kofidis Spyros"]
[Result "0-1"]
[WhiteElo "2548"]
[BlackElo "2592"]
[PlyCount "85"]
[EventDate "1996.??.??"]
[Source "www.chesslib.no"]
[SourceDate "2004.05.04"]

1. d4 d5 2. c4 e6 3. Nc3 Be7 4. Nf3 Nf6 5. Bg5 O-O 6. e3 Nbd7 7. Qc2 c6 8. Rd1 a6 9. a3 b5 10. cxd5 cxd5 11. Bd3 Bb7 12. Ne5 h6 13. h4 Nxe5 14. dxe5 Nd7 15. Bf4 Qb8 16. Qe2 Nxe5 17. Bb1 f5 18. Rh3 Bd6 19. Rg3 Rf6 20. h5 Qc7 21. Kf1 Nf7 22. Bxd6 Nxd6 23. Kg1 Nc4 24. Ba2 Nb6 25. Rd4 Bc6 26. Bb3 Kh8 27. Ba2 Be8 28. Qd1 Rc8 29. Bb3 Nd7 30. Ba2 Rf8 31. Bb1 Nf6 32. Rh3 Bf7 33. Rd2 Qe7 34. Rd4 Qe8 35. a4 Bxh5 36. Qb3 Bg4 37. Rh4 e5 38. Rb4 d4 39. Na2 bxa4 40. Rxa4 dxe3 41. fxe3 e4 42. Rxa6 Qe5 43. Kf2 0-1

[Event "Calviá ol (Men)"]
[Site "Mallorca"]
[Date "2004.10.29"]
[Round "14.7"]
[White "Goldin, Alexander"]
[Black "Johannessen, Leif Erlend"]
[Result "1-0"]
[WhiteElo "2620"]
[BlackElo "2519"]
[PlyCount "79"]
[EventDate "2004.10.15"]
[Source "Roberto Alvarez"]
[SourceDate "2004.10.25"]

1. d4 d5 2. c4 c6 3. Nf3 Nf6 4. Qc2 e6 5. Bg5 Be7 6. e3 Nbd7 7. Nc3 O-O 8. O-O-O b6 9. h4 Ba6 10. Ne5 Bb7 11. Bd3 dxc4 12. Bxc4 Nd5 13. Kb1 Rc8 14. Bd3 h6 15. Bxe7 Qxe7 16. Nxd7 Qxd7 17. Nxd5 cxd5 18. Qe2 Qe7 19. f4 f6 20. Qh5 Rc7 21. g4 Bc6 22. g5 Be8 23. Qe2 f5 24. Rdg1 Kh8 25. Rg3 g6 26. gxh6 Qf6 27. Rg5 Rh7 28. Qc2 Qd8 29. Be2 Rxh6 30. h5 Bf7 31. Bf3 gxh5 32. Rh4 Rg8 33. Qg2 Qe8 34. Qg3 Kh7 35. Rh1 Qd8 36. Qh4 Qf6 37. Rhg1 Bg6 38. Bxh5 a5 39. Bxg6+ Rgxg6 40. Rxg6 1-0

[Event "Leeuwarden Open"]
[Site "Leeuwarden NED"]
[Date "1995.??.??"]
[Round "8"]
[White "Lobron, Eric"]
[Black "Kharitonov, Andrei Y"]
[Result "1/2-1/2"]
[WhiteElo "2575"]
[BlackElo "2550"]
[PlyCount "27"]
[EventDate "1995.08.??"]
[Source "www.chesslib.no"]
[SourceDate "2004.05.04"]

1. Nf3 d5 2. d4 Nf6 3. c4 e6 4. Nc3 Be7 5. Bg5 O-O 6. Qc2 c6 7. e3 Nbd7 8. Rd1 b6 9. Bd3 Bb7 10. O-O Rc8 11. cxd5 cxd5 12. Qb1 a6 13. Ne5 h6 14. Nxd7 1/2-1/2

[Event "Tirnavia"]
[Site "Trnava"]
[Date "1988.??.??"]
[Round "?"]
[White "Ftacnik, Lubomir"]
[Black "Balashov, Yuri S"]
[Result "1/2-1/2"]
[WhiteElo "2570"]
[BlackElo "2555"]
[PlyCount "93"]
[EventDate "1988.03.??"]
[Source "ChessBase"]

1. d4 Nf6 2. c4 e6 3. Nf3 d5 4. Nc3 Be7 5. Bg5 Nbd7 6. e3 O-O 7. Qc2 c5 8. O-O-O b6 9. e4 dxe4 10. Nxe4 Bb7 11. Bd3 Nxe4 12. Bxe7 Qxe7 13. Bxe4 Bxe4 14. Qxe4 Nf6 15. Qe2 cxd4 16. Rxd4 a6 17. Kb1 b5 18. Rc1 bxc4 19. Rdxc4 Nd5 20. Qe5 Rfd8 21. Nd4 Qf6 22. Qxf6 gxf6 23. Nc6 Rd7 24. a3 f5 25. Ne5 Rdd8 26. Ra4 Rd6 27. Rc6 Rxc6 28. Nxc6 Kf8 29. Ra5 Ke8 30. b4 f6 31. Kb2 Nc7 32. g3 Kd7 33. Nd4 Rb8 34. Kb3 Rb6 35. Kc4 Rd6 36. a4 Kc8 37. Rc5 Kb7 38. a5 Rd7 39. h3 h5 40. h4 Rd6 41. b5 axb5+ 42. Nxb5 Nxb5 43. Kxb5 Rd2 44. a6+ Kb8 45. Rc6 Rxf2 46. Rxe6 f4 47. gxf4 1/2-1/2

[Event "Rishon Le Ziyyon"]
[Site "Rishon Le Ziyyon"]
[Date "1994.??.??"]
[Round "6"]
[White "Chernin, Alexander"]
[Black "Gofshtein, Leonid D"]
[Result "1-0"]
[WhiteElo "2615"]
[BlackElo "2495"]
[PlyCount "97"]
[EventDate "1994.11.??"]
[Source "ChessBase"]

1. d4 Nf6 2. c4 e6 3. Nf3 d5 4. Bg5 Be7 5. e3 Nbd7 6. Nc3 h6 7. Bf4 O-O 8. Qc2 c5 9. dxc5 Nxc5 10. a3 Bd7 11. Ne5 Rc8 12. Rd1 Nfe4 13. Nxd7 Nxd7 14. Nxe4 dxe4 15. b4 f5 16. c5 a6 17. Bc4 Rc6 18. Qa2 Kf7 19. O-O Qc8 20. Rd6 Bxd6 21. Bxe6+ Kg6 22. Bxd6 Rf6 23. g4 fxg4 24. Qd5 Rxe6 25. Qxe6+ Nf6 26. Qe5 Qe8 27. Rd1 Qxe5 28. Bxe5 b6 29. cxb6 Rxb6 30. Bxf6 gxf6 31. Kg2 h5 32. h4 gxh3+ 33. Kxh3 Rc6 34. a4 Rc2 35. Rb1 Rc6 36. Kh4 Rb6 37. Rb2 Rc6 38. Rb1 Re6 39. Kg3 Rc6 40. Kf4 f5 41. Rg1+ Kh6 42. Kxf5 h4 43. Rb1 Kh5 44. b5 axb5 45. axb5 Rc8 46. b6 h3 47. b7 Rb8 48. Kf4 Kh4 49. Rb6 1-0

[Event "25th Politiken Cup"]
[Site "Copenhagen"]
[Date "2003.07.23"]
[Round "9"]
[White "Krasenkow, Michal"]
[Black "Johannessen, Leif Erlend"]
[Result "1/2-1/2"]
[WhiteElo "2585"]
[BlackElo "2525"]
[PlyCount "114"]
[EventDate "2003.07.14"]
[Source "Roberto Alvarez"]
[SourceDate "2003.08.04"]

1. Nf3 d5 2. d4 c6 3. c4 Nf6 4. Qc2 e6 5. Bg5 Be7 6. e3 O-O 7. Nc3 Nbd7 8. Rd1 b6 9. Bd3 dxc4 10. Bxc4 Nd5 11. Bxe7 Qxe7 12. O-O Bb7 13. e4 Nxc3 14. bxc3 c5 15. d5 exd5 16. Bxd5 Bxd5 17. exd5 Qd6 18. c4 a6 19. a4 Rfb8 20. Qd3 b5 21. cxb5 axb5 22. axb5 Ra5 23. Rb1 Qb6 24. d6 Rxb5 25. Rbd1 Qc6 26. Qe3 R5b7 27. Rfe1 c4 28. Qc3 Qc5 29. Ne5 Nxe5 30. Rxe5 Rb1 31. Ree1 Rxd1 32. Rxd1 Qxd6 33. Re1 Qd5 34. h4 h5 35. Re5 Qd6 36. Qg3 Qd1+ 37. Kh2 Rc8 38. Re3 Qd4 39. Rc3 Kh7 40. Kh3 Qd7+ 41. Kh2 Qd4 42. Kh3 Rc5 43. Qf3 Rb5 44. g3 Rc5 45. Kh2 Kg6 46. Rc2 c3 47. Kg2 f6 48. Kh2 Kh7 49. Kg2 Kh6 50. Kh2 f5 51. Qa8 Qe4 52. Qh8+ Kg6 53. Ra2 Rc6 54. Ra7 Qe5 55. Rxg7+ Qxg7 56. Qe8+ Qf7 57. Qxc6+ Qf6 1/2-1/2

[Event "FRA-chT 9900"]
[Site "France"]
[Date "2000.04.29"]
[Round "9.1"]
[White "Lautier, Joel"]
[Black "Andersson, Ulf"]
[Result "1/2-1/2"]
[WhiteElo "2658"]
[BlackElo "2443"]
[PlyCount "39"]
[EventDate "2000.02.04"]
[Source "www.chesslib.no"]
[SourceDate "2004.05.04"]

1. d4 Nf6 2. c4 e6 3. Nf3 d5 4. Nc3 Nbd7 5. Bg5 Be7 6. e3 O-O 7. Qc2 c5 8. Rd1 Qa5 9. cxd5 Nxd5 10. Bxe7 Nxe7 11. Bd3 Nf6 12. O-O cxd4 13. Nxd4 h6 14. Ne4 Ned5 15. a3 Bd7 16. Nb3 Qb6 17. Nbc5 Bc6 18. b4 Nxe4 19. Bxe4 Nf6 20. Bxc6 1/2-1/2

[Event "Chigorin Memorial"]
[Site "Sochi RUS"]
[Date "1977.??.??"]
[Round "?"]
[White "Petrosian, Tigran V"]
[Black "Suba, Mihai"]
[Result "1-0"]
[WhiteElo "2645"]
[BlackElo "2455"]
[PlyCount "80"]
[EventDate "1977.08.31"]
[Source "www.chesslib.no"]
[SourceDate "2004.05.04"]

1. d4 Nf6 2. c4 e6 3. Nf3 d5 4. Bg5 Be7 5. Nc3 O-O 6. Qc2 Nbd7 7. e3 c6 8. a3 a6 9. Rd1 Re8 10. h3 Nh5 11. Bxe7 Qxe7 12. b4 Nhf6 13. Qb3 b5 14. cxd5 exd5 15. Bd3 a5 16. O-O axb4 17. axb4 Bb7 18. Rfe1 Ne4 19. Bxe4 dxe4 20. Nd2 Nf6 21. Ra1 g6 22. Rec1 h5 23. Rxa8 Rxa8 24. Qb1 Re8 25. Ne2 Qd6 26. Ng3 Qe6 27. Rc5 h4 28. Re5 hxg3 29. Rxe6 gxf2+ 30. Kxf2 Rxe6 31. Qa2 Kg7 32. Qa7 Bc8 33. Qc7 Bd7 34. Nb3 Re8 35. Nc5 Be6 36. Qxc6 Bc4 37. g4 Re7 38. g5 Nd5 39. Qd6 Re8 40. Nd7 Kg8 1-0

[Event "La Bordeta op"]
[Site "La Bordeta"]
[Date "1999.??.??"]
[Round "6"]
[White "Pogorelov, Ruslan"]
[Black "Korneev, Oleg"]
[Result "1/2-1/2"]
[WhiteElo "2485"]
[BlackElo "2615"]
[PlyCount "125"]
[EventDate "1999.??.??"]
[Source "www.chesslib.no"]
[SourceDate "2004.05.04"]

1. Nf3 d5 2. d4 Nf6 3. c4 e6 4. Nc3 Be7 5. Bg5 h6 6. Bh4 O-O 7. e3 Nbd7 8. Qc2 Re8 9. Rd1 a6 10. a3 c6 11. Bd3 dxc4 12. Bxc4 b5 13. Ba2 Bb7 14. O-O Qb6 15. Bb1 Nf8 16. Bxf6 Bxf6 17. Ne4 Be7 18. Ne5 Red8 19. f4 f6 20. Nd3 Bc8 21. Rc1 Bd7 22. Nec5 Be8 23. Ba2 Bf7 24. f5 Bxc5 25. Nxc5 exf5 26. Bxf7+ Kxf7 27. Rxf5 Qc7 28. Nd3 Kg8 29. Qxc6 Qe7 30. Qf3 Re8 31. Qd5+ Kh8 32. Rf3 Ne6 33. h4 Rad8 34. Qh5 Qb7 35. Qg4 Qd5 36. Nc5 Nxc5 37. Rxc5 Qf7 38. Qg3 Re4 39. Rc7 Rd7 40. Rc8+ Re8 41. Rxe8+ Qxe8 42. Qg4 Re7 43. Rg3 Qc6 44. Kh2 Qd6 45. Qf4 Qxf4 46. exf4 Re2 47. Rd3 Rxb2 48. d5 Re2 49. d6 Re8 50. Kg3 f5 51. Rd5 Kg8 52. h5 Rd8 53. d7 Kf7 54. Rd6 Ke7 55. Rxa6 Rxd7 56. Kh3 Rd6 57. Ra7+ Kf6 58. g3 Rd3 59. Ra6+ Kf7 60. Ra7+ Kg8 61. Ra5 Rb3 62. a4 bxa4 63. Rxa4 1/2-1/2

[Event "North American Open"]
[Site "Las Vegas"]
[Date "2003.12.29"]
[Round "5"]
[White "Novikov, Igor A"]
[Black "Sevillano, Enrico"]
[Result "1-0"]
[WhiteElo "2594"]
[BlackElo "2498"]
[PlyCount "111"]
[EventDate "2003.12.26"]
[Source "Roberto Alvarez"]
[SourceDate "2004.01.19"]

1. d4 d5 2. c4 e6 3. Nf3 Nf6 4. Nc3 Be7 5. Bg5 O-O 6. e3 c6 7. Qc2 Nbd7 8. O-O-O Qa5 9. Kb1 Bb4 10. Rc1 Bxc3 11. Qxc3 Qxc3 12. Rxc3 Ne4 13. Rc2 Nxg5 14. Nxg5 h6 15. Nf3 Re8 16. Rd2 Kf8 17. Be2 dxc4 18. Ne5 Nxe5 19. dxe5 b5 20. Bf3 Bb7 21. Rd7 Re7 22. Rhd1 Rc8 23. Rd8+ Rxd8 24. Rxd8+ Re8 25. Rd6 Ke7 26. Bxc6 Bxc6 27. Rxc6 Rd8 28. Kc2 Rd5 29. Ra6 Rxe5 30. Rxa7+ Kf6 31. a4 Rf5 32. axb5 Rxb5 33. Ra4 Rf5 34. f3 Rh5 35. h3 Rg5 36. g4 Re5 37. e4 Kg5 38. Ra7 f6 39. Rxg7+ Kf4 40. Rg6 Kxf3 41. Rxh6 Kg3 42. Rxf6 Kxh3 43. g5 Kh4 44. g6 Kg5 45. g7 Kxf6 46. g8=Q Rxe4 47. Kc3 Rf4 48. Qf8+ Kg5 49. Qe7+ Kf5 50. Kb4 e5 51. Qf7+ Ke4 52. Qe6 Kd4 53. Qd6+ Ke4 54. Kxc4 Kf3+ 55. Kc3 e4 56. Qd1+ 1-0

[Event "Istanbul ol (Men)"]
[Site "Istanbul"]
[Date "2000.10.29"]
[Round "2"]
[White "Sulava, Nenad"]
[Black "Ruzele, Darius"]
[Result "0-1"]
[WhiteElo "2549"]
[BlackElo "2541"]
[PlyCount "50"]
[EventDate "2000.10.??"]
[Source "www.chesslib.no"]
[SourceDate "2004.05.04"]

1. d4 d5 2. Nf3 Nf6 3. c4 e6 4. Nc3 Nbd7 5. Bg5 h6 6. Bh4 Be7 7. e3 O-O 8. Qc2 c5 9. O-O-O cxd4 10. Nxd4 Nb6 11. Be2 Bd7 12. Bxf6 Bxf6 13. cxd5 exd5 14. Kb1 Rc8 15. Qb3 Rc5 16. Rc1 Qe7 17. Bd3 Rfc8 18. Rc2 Be6 19. Ncb5 a6 20. Na7 Rxc2 21. Bxc2 Rxc2 22. Qxc2 Nc4 23. Qa4 Bd7 24. Qd1 Qb4 25. b3 Qe7 0-1

[Event "05.OIBayEM Bad Wiessee op"]
[Site "?"]
[Date "2001.10.31"]
[Round "5"]
[White "Ibragimov Ildar"]
[Black "Doettling Fabian"]
[Result "1/2-1/2"]
[WhiteElo "2567"]
[BlackElo "2520"]
[PlyCount "88"]
[EventDate "2001.??.??"]
[Source "www.chesslib.no"]
[SourceDate "2004.05.04"]

1. d4 d5 2. c4 e6 3. Nc3 Be7 4. Nf3 Nf6 5. Bg5 O-O 6. e3 Nbd7 7. Qc2 c6 8. a3 b6 9. cxd5 cxd5 10. Bd3 Bb7 11. O-O Rc8 12. Qb1 h6 13. Bh4 a6 14. Rc1 Ne4 15. Bxe7 Qxe7 16. Bxe4 dxe4 17. Nd2 f5 18. b4 Nf6 19. b5 Nd5 20. Nxd5 Rxc1+ 21. Qxc1 Bxd5 22. bxa6 Qa7 23. Qf1 Ra8 24. Rc1 Qxa6 25. Qxa6 Rxa6 26. Rc3 Ra4 27. f3 exf3 28. gxf3 Kf7 29. Kf2 b5 30. Rc7+ Kf6 31. e4 Ba8 32. Nb3 fxe4 33. fxe4 Rxa3 34. Nc5 b4 35. Rc8 b3 36. Re8 Ra2+ 37. Kg3 Kf7 38. Rb8 b2 39. Kf4 Kf6 40. Rb6 g5+ 41. Ke3 Bc6 42. Nd3 b1=Q 43. Rxb1 Rxh2 44. d5 Bxd5 1/2-1/2

[Event "IBM-B"]
[Site "Amsterdam"]
[Date "1980.??.??"]
[Round "?"]
[White "Smejkal, Jan"]
[Black "Ree, Hans"]
[Result "1/2-1/2"]
[WhiteElo "2565"]
[BlackElo "2520"]
[PlyCount "40"]
[EventDate "1980.06.??"]
[Source "ChessBase"]

1. c4 e6 2. Nf3 d5 3. d4 Nf6 4. Bg5 Be7 5. Nc3 O-O 6. e3 Nbd7 7. Qc2 h6 8. h4 c5 9. O-O-O cxd4 10. Nxd4 Nb6 11. Kb1 Bd7 12. Bxf6 Bxf6 13. cxd5 Nxd5 14. Nxd5 exd5 15. g3 Rc8 16. Qb3 Qa5 17. Bb5 Bc6 18. Bxc6 bxc6 19. Rc1 Bxd4 20. exd4 Rfe8 1/2-1/2

[Event "Ch Belgium (team) 2006/07"]
[Site "Belgium"]
[Date "2007.12.08"]
[Round "7"]
[White "Chuchelov Vladimir (BEL)"]
[Black "Kveinys Aloyzas (LTU)"]
[Result "0-1"]
[WhiteElo "2539"]
[BlackElo "2544"]
[PlyCount "80"]
[EventDate "2007.??.??"]
[Source "www.chesslib.no"]
[SourceDate "2004.05.04"]

1. Nf3 d5 2. d4 Nf6 3. c4 e6 4. Nc3 Be7 5. Bg5 O-O 6. e3 Nbd7 7. Qc2 c5 8. Rd1 Qa5 9. a3 cxd4 10. exd4 dxc4 11. Bxc4 Nb6 12. Ba2 Nbd5 13. O-O Nxc3 14. bxc3 Bd7 15. Bb1 Qa4 16. Qd2 Bc6 17. Ne5 Qxa3 18. Rfe1 Qd6 19. c4 Ba4 20. Rc1 Rfd8 21. d5 Be8 22. Qd3 g6 23. Qf3 Nxd5 24. cxd5 Bxg5 25. dxe6 Qxe6 26. Nxg6 Qf6 27. Ne7+ Kf8 28. Rc5 Qxf3 29. Rxg5 Qe2 30. Rg8+ Kxe7 31. Rxe2+ Kf6 32. f4 Rd1+ 33. Kf2 Rxb1 34. Rgxe8 Rxe8 35. Rxe8 a5 36. g4 Rb6 37. Kf3 a4 38. g5+ Kg6 39. Ra8 Ra6 40. Rg8+ Kf5 0-1

[Event "Bydgoszcz Bank Pocztowy op"]
[Site "Bydgoszcz"]
[Date "1999.07.21"]
[Round "10"]
[White "Najer, Evgeniy"]
[Black "Sulskis, Sarunas"]
[Result "1-0"]
[WhiteElo "2562"]
[BlackElo "2521"]
[PlyCount "125"]
[EventDate "1999.07.12"]
[Source "www.chesslib.no"]
[SourceDate "2004.05.04"]

1. d4 Nf6 2. c4 e6 3. Nf3 d5 4. Nc3 Nbd7 5. Bg5 Be7 6. e3 O-O 7. Qc2 dxc4 8. Bxc4 a6 9. O-O-O b5 10. Bd3 Bb7 11. Kb1 h6 12. Bxf6 Nxf6 13. Ne4 Nd5 14. Nc5 Nb4 15. Qc3 Bxc5 16. dxc5 a5 17. Ka1 Qe8 18. Bb1 f6 19. Nd4 e5 20. c6 Bc8 21. Nxb5 Qf7 22. Rd2 Ra6 23. Rhd1 Rxc6 24. Qa3 Qc4 25. Qxa5 Rb6 26. Na3 Qf7 27. Rd8 g5 28. Qc5 Nc6 29. Rxf8+ Qxf8 30. Qd5+ Qf7 31. Qxf7+ Kxf7 32. Nc4 Ra6 33. a3 Be6 34. Rc1 Ke7 35. Nd2 Kd8 36. Ne4 Na5 37. Nc5 Ke7 38. b4 Nb3+ 39. Kb2 Nxc5 40. Rxc5 Kd7 41. Bc2 Rd6 42. Kc3 Ra6 43. a4 Rc6 44. Rxc6 Kxc6 45. Bb3 Bg4 46. Bf7 Be2 47. Be8+ Kb6 48. a5+ Ka6 49. Bc6 Bf1 50. f4 Be2 51. fxe5 fxe5 52. Kd2 Bc4 53. Ke1 h5 54. Kf2 Be6 55. Kg3 h4+ 56. Kf3 Bf5 57. h3 Ka7 58. b5 Kb8 59. Be4 Be6 60. Bd3 Bd5+ 61. Kg4 Bxg2 62. Bf5 c5 63. bxc6 1-0